Les langues officielles des pays de la Coupe du Monde - Statistiques

Statistiques générales
  • Ce quiz a été pris 35 fois
  • Le résultat moyen est 15 sur 37
Statistiques - réponses
Nombre de pays Langue % Correct
4 Allemand (Allemagne/Suisse/Autriche/...)
100%
9 Anglais (Angleterre/Écosse/USA/...)
100%
9 Espagnol (Espagne/Argentine/Mexique/...)
100%
8 Français (France/Belgique/Sénégal/...)
100%
8 Arabe (Arabie Saoudite/Qatar/Irak/...)
97%
3 Portugais (Portugal/Brésil/Cap-Vert)
97%
1 Italien (Suisse)
88%
1 Japonais (Japonais)
82%
1 Coréen (Corée du Sud)
76%
3 Néerlandais (Pays-Bas/Belgique/Curação)
73%
1 Suédois (Suède)
70%
1 Tchèque (République Tchèque)
64%
2 Croate (Croatie/Bosnie-Herzégovine)
58%
1 Norvégien (Norvège)
55%
1 Turc (Turquie)
52%
1 Serbe (Bosnie-Herzégovine)
42%
1 Bosniaque (Bosnie-Herzégovine)
30%
1 Persan (Iran)
24%
1 Ouzbek (Ouzbékistan)
21%
1 Afrikaans (Afrique du Sud)
18%
1 Zoulou (Afrique du Sud)
18%
1 Créole Haïtien (Haïti)
12%
1 Kurde (Irak)
12%
1 Xhosa (Afrique du Sud)
12%
1 Maori (Nouvelle-Zélande)
9%
1 Créole capverdien (Cap-Vert)
6%
1 Guarani (Paraguay)
6%
1 Papiamento (Curação)
6%
1 Tamazight (Algérie)
6%
1 Amazighe (Maroc)
3%
1 Gaélique (Écosse)
3%
1 Kichwa (Équateur)
3%
5 Langues autochtones locales (Mexique/Suède/RDC/...)
3%
2 Same (Suède/Norvège)
3%
1 Scots (Écosse)
3%
1 Shuar (Équateur)
3%
1 Suisse-Allemand (Suisse)
3%
Aucun quiz correspondant
Distribution des résultats
% des personnes avec chaque résultat
Percentile par nombre de réponses
Votre historique - résultats
Vous n’avez pas pris ce quiz